000 00406nam a22001457a 4500
020 _qPB.
040 _cFIZZA ISHAQ
082 _a928.5
_bSCH
100 _aSchweser , Kaplan.
_9134279
245 _aFinancial Reporting and Analysis /
_cKaplan Schweser.
250 _aExam/Level : 1 , Book 3
260 _aUSA :
_bKaplan Schweser,
_c2008.
300 _a351 P. ;
_c10.2 x 8.3 x 0.6 inches,
942 _2ddc
_cBK
999 _c617252
_d617252